Возможность модернизации подогревателей паротурбинных установок АЭС; Энергетика: Эффективность, надежность, безопасность

Dades bibliogràfiques
Parent link:Энергетика: Эффективность, надежность, безопасность.— 2012.— С. [151-153]
Autor principal: Лавриненко С. В. Сергей Викторович
Sumari:Заглавие с титульного листа
Idioma:rus
Publicat: 2012
Col·lecció:Эффективность теплоэнергетических установок и систем
Matèries:
Accés en línia:http://www.lib.tpu.ru/fulltext/c/2012/C15/059.pdf
Format: MixedMaterials Electrònic Capítol de llibre
KOHA link:https://koha.lib.tpu.ru/cgi-bin/koha/opac-detail.pl?biblionumber=233397

MARC

LEADER 00000naa2a2200000 4500
001 233397
005 20251205132251.0
035 |a (RuTPU)RU\TPU\book\254475 
035 |a RU\TPU\book\254474 
090 |a 233397 
100 |a 20130304d2012 k y0rusy50 ca 
101 0 |a rus 
102 |a RU 
135 |a drcn ---uucaa 
181 0 |a i  
182 0 |a b 
200 1 |a Возможность модернизации подогревателей паротурбинных установок АЭС  |f С. В. Лавриненко 
203 |a Текст  |c электронный 
215 |a 1 файл (342 Кб) 
225 1 |a Эффективность теплоэнергетических установок и систем 
300 |a Заглавие с титульного листа 
320 |a [Библиогр.: с. 153 (7 назв.)] 
337 |a Adobe Reader 
463 1 |0 (RuTPU)RU\TPU\book\254143  |t Энергетика: Эффективность, надежность, безопасность  |o материалы XVIII Всероссийской научно-технической конференции, 5-7 декабря 2012 г., Томск  |f Энергетика: Эффективность, надежность, безопасность ; Национальный исследовательский Томский политехнический университет (ТПУ) ; ред. кол. В. В. Литвак [и др.]  |v С. [151-153]  |d 2012 
610 1 |a труды учёных ТПУ 
610 1 |a электронный ресурс 
610 1 |a модернизация 
610 1 |a подогреватели 
610 1 |a паротурбинные установки 
610 1 |a АЭС 
700 1 |a Лавриненко  |b С. В.  |c специалист в области теплоэнергетики  |c старший преподаватель Томского политехнического университета  |f 1986-  |g Сергей Викторович  |3 (RuTPU)RU\TPU\pers\30132  |9 14537 
801 1 |a RU  |b 63413507  |c 20120830 
801 2 |a RU  |b 63413507  |c 20140303  |g RCR 
856 4 |u http://www.lib.tpu.ru/fulltext/c/2012/C15/059.pdf 
942 |c CF